Online
Catalog

He visto la noche : (Record no. 7553)

MARC details
000 -CABECERA
campo de control de longitud fija 00638cam a2200193 a 4500
001 - NÚMERO DE CONTROL
campo de control 000007775
005 - FECHA Y HORA DE LA ÚLTIMA TRANSACCIÓN
campo de control 20200929154309.0
008 - DATOS DE LONGITUD FIJA--INFORMACIÓN GENERAL
campo de control de longitud fija 790613s1962 ck 000 0 spa
040 ## - FUENTE DE LA CATALOGACIÓN
Centro catalogador/agencia de origen DO-SdBNP
Lengua de catalogación spa
Centro/agencia modificador BNPHU
082 ## - NÚMERO DE LA CLASIFICACIÓN DECIMAL DEWEY
Número de clasificación C863.44
Número de documento/Ítem Z35h
100 1# - ENTRADA PRINCIPAL--NOMBRE DE PERSONA
Nombre de persona Zapata Olivella, Manuel.
9 (RLIN) 21474
245 10 - MENCIÓN DE TÍTULO
Título He visto la noche :
Resto del título las raíces de la furia negra /
Mención de responsabilidad, etc. Manuel zapata Olivella.
260 ## - PUBLICACIÓN, DISTRIBUCIÓN, ETC.
Lugar de publicación, distribución, etc. Medellín, Colombia : :
Nombre del editor, distribuidor, etc. Bedout,
Fecha de publicación, distribución, etc. [1962].
300 ## - DESCRIPCIÓN FÍSICA
Extensión 182 p. ;
Dimensiones 19 cm.
490 1# - MENCIÓN DE SERIE
Mención de serie Bolsilibros Bedout
Designación de volumen o secuencia no. 54
650 #4 - PUNTO DE ACCESO ADICIONAL DE MATERIA--TÉRMINO DE MATERIA
Término de materia o nombre geográfico como elemento de entrada Cuentos colombianos
9 (RLIN) 21475
650 #4 - PUNTO DE ACCESO ADICIONAL DE MATERIA--TÉRMINO DE MATERIA
Término de materia o nombre geográfico como elemento de entrada Literatura colombiana
9 (RLIN) 1244
830 #0 - PUNTO DE ACCESO ADICIONAL DE SERIE-TÍTULO UNIFORME
Título uniforme Bolsilibros Bedout ;
Designación de volumen o secuencia no. 54
9 (RLIN) 3750
Holdings
Estado de retiro Estado de pérdida Restricciones de uso No para préstamo Código de colección Localización permanente Ubicación/localización actual Ubicación en estantería Fecha de adquisición Número de inventario Total de préstamos Signatura topográfica completa Código de barras Fecha visto por última vez Precio válido a partir de Tipo de ítem Koha
    Préstamo interno   Monografías: Libros y Folletos General General En catalogación 10.09.2009 LF1   C863.44 Z35h 7775-10 25.06.2020 25.06.2020 Préstamo interno

Powered by Koha